| Поле | Название | Значение |
| |
Тип записи |
a |
| |
Библиографический уровень |
m |
| 001 |
Контрольный номер |
RU\bookru\bibl\919535 |
| 003 |
Постоянный идентификатор записи |
http://www.book.ru/book/919535 |
| 005 |
Дата корректировки |
20161026112536.4 |
| 010 |
Индекс ISBN |
__ |
| a |
ISBN |
978-5-406-02440-9 |
| 100 |
Данные общей обработки |
0_ |
| a |
Данные общей обработки |
20160221d2017 mk y0rusy50 ca |
| 101 |
Язык документа |
0_ |
| a |
Язык текста |
Русский |
| 102 |
Страна публикации |
__ |
| a |
Страна публикации |
RU |
| 105 |
Кодированные данные (монография) |
__ |
| a |
Кодированные данные (монография) |
y ||||000yy |
| 200 |
Заглавие и сведения об ответственности |
1_ |
| a |
Заглавие |
Современные макроэкономические проблемы России |
| 210 |
Выходные данные |
__ |
| a |
Место издания |
Москва |
| c |
Издательство |
КноРус |
| d |
Дата издания |
2017 |
| 215 |
Физическое описание |
__ |
| a |
Объем |
486 |
| 330 |
Аннотация |
__ |
| a |
Аннотация |
Включает наиболее существенные достижения экономической науки и практики, президентские и правительственные рекомендации по решению современных проблем макроэкономики России. В пособии приводится обстоятельный анализ макроэкономики современной России, раскрыты стратегические направления ее развития до 2020 г., изложены проблемы муниципальной собственности, ипотечного кредитования, государственного контроля, современной социальной политики. Для бакалавров, магистрантов, научных работников, соискателей, аспирантов, практиков с целью подготовки диссертаций, дипломов, научных докладов, рефератов, курсовых работ. 2012 |
| 606 |
Тематические рубрики |
__ |
| a |
Основная рубрика |
Микро- и макроэкономика |
| 2 |
Код системы |
local |
| 608 |
Указатель предметных рубрик |
__ |
| a |
Жанр/форма |
Учебное пособие |
| 2 |
Код системы |
local |
| 675 |
Индекс УДК |
__ |
| a |
Индекс УДК |
330(470+571)(075.8) |
| z |
Язык издания |
rus |
| 686 |
Индексы других классификаций |
__ |
| a |
Классификационный индекс |
65.01я73 |
| 2 |
Код системы |
rubbk |
| 700 |
Автор |
_1 |
| a |
Фамилия |
Носова С.С. под ред. и др. |
| 801 |
Источник записи |
_1 |
| a |
Страна |
RU |
| b |
Организация |
book_ru |
| c |
Дата составления |
20160221 |
| g |
Правила каталогизации |
RCR |
| 856 |
Электронный адрес документа |
4_ |
| u |
Универсальный указатель ресурса (URL) |
http://www.book.ru/book/919535 |
| 951 |
|
__ |
| a |
|
http://www.book.ru/book/919535 |